MARC details
| 000 -CABECERA |
| campo de control de longitud fija |
02831nam a2200457Ia 4500 |
| 001 - NÚMERO DE CONTROL |
| campo de control |
dia_1905 |
| 003 - IDENTIFICADOR DEL NÚMERO DE CONTROL |
| campo de control |
CHAP |
| 005 - FECHA Y HORA DE LA ÚLTIMA TRANSACCIÓN |
| campo de control |
20240322184950.0 |
| 007 - CAMPO FIJO DE DESCRIPCIÓN FÍSICA--INFORMACIÓN GENERAL |
| campo de control de longitud fija |
ta |
| 008 - DATOS DE LONGITUD FIJA--INFORMACIÓN GENERAL |
| campo de control de longitud fija |
220117s2010 mx abdofr 001 0 spa d |
| 040 ## - FUENTE DE LA CATALOGACIÓN |
| Centro/agencia transcriptor |
CHAP |
| Centro catalogador/agencia de origen |
mxchpua |
| 090 ## - LOCALMENTE ASIGNADO TIPO-LC NÚMERO DE CLASIFICACIÓN (OCLC); NÚMERO DE CLASIFICACIÓN LOCAL (RLIN) |
| Número de clasificación (OCLC) (R) ; Numero de clasificación, CALL (RLIN) (NR) |
T.C.530 |
| Número cutter local (OCLC) ; Número de libro/Signatura topográfica íntegra, CALL (RLIN) |
R49 IAI |
| Año |
2010 |
| 245 10 - MENCIÓN DE TÍTULO |
| Título |
Ruta Tamaulipas Sur de Texas 2010 / |
| Mención de responsabilidad, etc. |
coordinadora Diana América Reyna Izaguirre ; colaboradores Blanca Aidé Albarrán Contreras...[et al.] |
| 260 ## - PUBLICACIÓN, DISTRIBUCIÓN, ETC. |
| Lugar de publicación, distribución, etc. |
México : |
| Nombre del editor, distribuidor, etc. |
El autor, |
| Fecha de publicación, distribución, etc. |
2010 |
| 300 ## - DESCRIPCIÓN FÍSICA |
| Extensión |
162 hojas : |
| Otras características físicas |
ilustraciones, mapas, gráficas, diagramas, tablas, fotos |
| 336 ## - TIPO DE CONTENIDO |
| Fuente |
rdacontent |
| Término de tipo de contenido |
texto |
| Código de tipo de contenido |
txt |
| 337 ## - TIPO DE MEDIO |
| Fuente |
rdamedia |
| Nombre/término del tipo de medio |
no mediado |
| Código del tipo de medio |
n |
| 338 ## - TIPO DE SOPORTE |
| Fuente |
rdacarrier |
| Nombre/término del tipo de soporte |
volumen |
| Código del tipo de soporte |
nc |
| 500 ## - NOTA GENERAL |
| Nota general |
5° año Grupo 2 --<br/>Directorio: h. 158-162 |
| 502 ## - NOTA DE TESIS |
| Nota de tesis |
Viaje de estudios |
| Tipo de título |
(IAI) - |
| Nombre de la institución que otorga el título |
UACh, Departamento de Agroindustrias, |
| Año de obtención del título |
2010 |
| 505 ## - NOTA DE CONTENIDO CON FORMATO |
| Nota de contenido con formato |
Empresas visitadas: -- |
| Título |
1. Quesos La Carreta -- <br/>2. Puerto Tampico Tamaulipas, S. A. de C. V. -- <br/>3. Congeladora Rey-Mar de Tampico, S. A. de C. V. -- <br/>4. Frigorífico y Empacadora Rodolfo Mariño Rodríguez Establecimiento Tipo Inspección Federal (TIF) 195 -- <br/>5. Empresa de Sábila Orgánica Gildan, S. de R. L. de C. V. -- <br/>6. Tequilera La Gonzaleña, S. A. de C. V. -- <br/>7. Comité para el fomento e Investigación Citrícola del Estado de Tamaulipas -- <br/>8. Empacadora CITROCEL, S. A. de C. V. -- <br/>9. Comité Estatal de Sanidad Vegetal de Tamaulipas Centro de Empaque de Moscas de la Fruta Estériles de Tamaulipas -- <br/>10. FIRA -- <br/>11. SEMARNAT -- <br/>12. Productos Naturales de Cítricos, S. de P. R. de R. L. -- <br/>13. Proteínas básicas, S. A. de C. V. -- <br/>14. Centro de Acopio Dr. Francisco Galván Malo S. P. R. de R. L. -- <br/>15. King Ranch Visitor Center -- <br/>16. Texas A & M University Kingsville -- <br/>17. Puerto Corpus Christi, Tex. -- <br/>18. Planter´s Grain Coop. -- <br/>19. Ingenio azucarero Río Grande Valley Sugar Growers, Inc. -- <br/>20. Empresa Procesadora de Sábila Aloe King -- <br/>21. Ingenio El Mante, S. A. de C. V. |
| 650 13 - PUNTO DE ACCESO ADICIONAL DE MATERIA--TÉRMINO DE MATERIA |
| Término de materia o nombre geográfico como elemento de entrada |
Industria azucarera |
| 9 (RLIN) |
57780 |
| 650 13 - PUNTO DE ACCESO ADICIONAL DE MATERIA--TÉRMINO DE MATERIA |
| Término de materia o nombre geográfico como elemento de entrada |
Industria de los alimentos |
| 9 (RLIN) |
148659 |
| 650 13 - PUNTO DE ACCESO ADICIONAL DE MATERIA--TÉRMINO DE MATERIA |
| Término de materia o nombre geográfico como elemento de entrada |
Industria de productos agrícolas |
| 9 (RLIN) |
151277 |
| 650 13 - PUNTO DE ACCESO ADICIONAL DE MATERIA--TÉRMINO DE MATERIA |
| Término de materia o nombre geográfico como elemento de entrada |
Industria del ganado y de la carne |
| 9 (RLIN) |
147937 |
| 650 13 - PUNTO DE ACCESO ADICIONAL DE MATERIA--TÉRMINO DE MATERIA |
| Término de materia o nombre geográfico como elemento de entrada |
Industria quesera |
| 9 (RLIN) |
142511 |
| 650 13 - PUNTO DE ACCESO ADICIONAL DE MATERIA--TÉRMINO DE MATERIA |
| Término de materia o nombre geográfico como elemento de entrada |
Cheese industry |
| 9 (RLIN) |
154162 |
| 650 13 - PUNTO DE ACCESO ADICIONAL DE MATERIA--TÉRMINO DE MATERIA |
| Término de materia o nombre geográfico como elemento de entrada |
Horticultural products industry |
| 9 (RLIN) |
151276 |
| 650 13 - PUNTO DE ACCESO ADICIONAL DE MATERIA--TÉRMINO DE MATERIA |
| Término de materia o nombre geográfico como elemento de entrada |
Livestock and meat industry |
| 9 (RLIN) |
147938 |
| 650 13 - PUNTO DE ACCESO ADICIONAL DE MATERIA--TÉRMINO DE MATERIA |
| Término de materia o nombre geográfico como elemento de entrada |
Food industry |
| 9 (RLIN) |
148657 |
| 650 13 - PUNTO DE ACCESO ADICIONAL DE MATERIA--TÉRMINO DE MATERIA |
| Término de materia o nombre geográfico como elemento de entrada |
Sugar industry |
| 9 (RLIN) |
151278 |
| 700 1# - PUNTO DE ACCESO ADICIONAL--NOMBRE DE PERSONA |
| Nombre de persona |
Reyna Izaguirre, Diana América |
| 9 (RLIN) |
147338 |
| Término indicativo de función/relación |
coordinadora |
| 700 1# - PUNTO DE ACCESO ADICIONAL--NOMBRE DE PERSONA |
| Nombre de persona |
Albarrán Contreras, Blanca Aidé |
| 9 (RLIN) |
125613 |
| Término indicativo de función/relación |
colaboradora |
| 942 ## - ELEMENTOS DE PUNTO DE ACCESO ADICIONAL (KOHA) |
| Fuente del sistema de clasificación o colocación |
Clasificación Universidad Autónoma de Chapingo |
| 901 ## - ELEMENTOS DE DATOS A LOCAL LDA (RLIN) |
| a |
T.C.530 R49 IAI 2010 |
| 902 ## - ELEMENTOS DE DATOS B LOCAL, LDB (RLIN) |
| a |
A |
| 905 ## - ELEMENTOS DE DATOS E LOCAL, LDE (RLIN) |
| a |
5232272010 mx din 8222223322spa16 |
| 942 ## - ELEMENTOS DE PUNTO DE ACCESO ADICIONAL (KOHA) |
| Tipo de ítem Koha |
Viaje de Estudios |